Madelon Lascaut (Registro nro. 166241)

Detalles MARC
000 -LEADER
campo de control de longitud fija 00948nam a2200217 i 4500
001 - NÚMERO DE CONTROL
campo de control 166241
003 - IDENTIFICADOR DE NÚMERO DE CONTROL
campo de control ES-MaACL
005 - FECHA Y HORA DE LA ÚLTIMA TRANSACCIÓN
campo de control 20230906213306.0
008 - DATOS DE LONGITUD FIJA--INFORMACIÓN GENERAL
campo de control de longitud fija 050912s1856 fr | |||||||| ||fre d
040 ## - FUENTE DE CATALOGACIÓN
Centro catalogador/agencia de origen CAM
Lengua de catalogación spa
Centro/agencia transcriptor CAM
100 1# - ENTRADA PRINCIPAL--NOMBRE DE PERSONA
Nombre de persona Thiboust, Lambert.
9 (RLIN) 133213
245 10 - MENCIÓN DEL TÍTULO
Título Madelon Lascaut
Resto del título : cri du coeur, en trois actes sans entr'actes /
Mención de responsabilidad, etc. par Lambert Thiboust.
260 ## - PUBLICACIÓN, DISTRIBUCIÓN, ETC.
Lugar de publicación, distribución, etc. Paris :
Nombre del editor, distribuidor, etc. Michel Lévy frères libraires-éditeurs,
Fecha de publicación, distribución, etc. 1856 (
Lugar de fabricación/manufactura Lagny :
Fabricante Imprimerie de Vialat et Cie)
300 ## - DESCRIPCIÓN FÍSICA
Extensión 36 p. ;
Dimensiones 19 cm.
490 1# - MENCIÓN DE SERIE
Mención de serie Bibliothèque dramatique. Theátre moderne
500 ## - NOTA GENERAL
Nota general Représenté pour la première fois, à Paris, sur le théatre des Varietés, le 13 mars 1856.
598 ## - NOTA LOCAL
Nota local La mención de serie consta en la cub. original.
830 0# - PUNTO DE ACCESO ADICIONAL DE SERIE-TÍTULO UNIFORME
Título uniforme Bibliothèque dramatique. Theátre moderne
9 (RLIN) 182423
852 ## - LOCALIZACIÓN
Ubicación ES-MaACL
Número de control de estantería T-734-F-2
Nota libre -- Enc. hol. conservando la cub. original
-- -- Enc. en un vol. facticio
Existencias
Estatus retirado Estado de pérdida Estado de daño No para préstamo Colección Biblioteca de origen Biblioteca actual Ubicación en estantería Fecha de adquisición Total de préstamos Signatura topográfica completa Código de barras Visto por última vez Precio de reemplazo Tipo de ítem Koha
        Colección de folletos Biblioteca del Ateneo de Madrid Biblioteca del Ateneo de Madrid Depósito folletos 17/01/2008   T-734-F-2 1174341 23/02/2023 23/02/2023 Folleto